| 000 | 00360nam a2200145Ia 4500 | ||
|---|---|---|---|
| 005 | 20251222154320.0 | ||
| 008 | 251222s9999||||xx |||||||||||||| ||spa|| | ||
| 020 | _a8478800387 | ||
| 082 | _a150.195/V23 | ||
| 100 | _aVallejo-NĂ¡gera,Juan Antonio | ||
| 245 | 0 | _aConĂ³cete a ti mismo: | |
| 250 | _a26ta.ed. | ||
| 264 | _bEdiciones Temas de hoy | ||
| 942 | _cLIB | ||
| 999 |
_c33730 _d33730 |
||